|
|
|
|
| LEADER |
00000cam a2200000 7i4500 |
| 001 |
0000003985 |
| 005 |
20130403.0 |
| 090 |
0 |
0 |
|a 634.909595
|b MAL 2008
|
| 245 |
1 |
0 |
|a Proceedings of the 15th Malaysian Forestry Conference, Oct. 18-24, 2008, Kuching, Sarawak :
|b Addressing Global Demands and Expectations in Forestry
|
| 260 |
0 |
0 |
|a Kuching, Sarawak :
|b Forest Department Sarawak ,
|c 2008
|
| 300 |
|
|
|a xxiii, 744 p. :
|b ill., maps ;
|c 30 cm.
|
| 440 |
0 |
0 |
|a Malaysian forestry Conference, 15th, Kota Kuching, Sarawak, 2008
|
| 650 |
0 |
0 |
|a Forests and forestry
|x Congresses
|
| 650 |
0 |
0 |
|a Sustainable forestry
|x Congresses
|
| 998 |
|
|
|a JPSM
|
| 999 |
|
|
|a 007815
|b Monograph
|c Open Shelf
|e Default branch
|